Business Ethics: Text & Cases

সংরক্ষণ করুন:
গ্রন্থ-পঞ্জীর বিবরন
প্রধান লেখক: Murthy
বিন্যাস: গ্রন্থ
প্রকাশিত: Himalaya Pub.
ট্যাগগুলো: ট্যাগ যুক্ত করুন
কোনো ট্যাগ নেই, প্রথমজন হিসাবে ট্যাগ করুন!

MARC

LEADER 00000nam a2200000Ia 4500
005 20260513122053.0
020 |a 9789351422570 
100 |a Murthy 
365 |c Rs. 
365 |b 20.00 
942 |c BK 
245 |a Business Ethics: Text & Cases 
260 |b Himalaya Pub. 
999 |c 88  |d 88 
952 |0 0  |1 0  |4 0  |7 0  |a UNSW  |b UNSW  |d 2026-05-06  |g 800.00  |i 16681  |l 0  |p 000059  |r 2026-05-13 12:20:53  |v 800.00  |w 2026-05-13  |y BK